000 00370nam a2200145Ia 4500
008 230917s9999||||xx |||||||||||||| ||und||
040 _e74714
_aMAIN
041 _aEnglish
082 _a658.8 C472M
100 _aChunawalla, S A
245 0 _aMarketing principles and practice
260 _aMumbai
_bHimalaya Publishing House
_c1997
300 _a510 p.
942 _cBK
999 _c100425
_d100425